Exposición de hechos para la defensa de D. Claudio Fontanellas, hijo del primer marqués de Casa-Fontanellas, en causa pendiente contra el mismo por supuesta usurpación de estado civil / (Record no. 41524)

MARC details
000 -LEADER
campo de control de longitud fija 00976nam a2200241 i 4500
001 - NÚMERO DE CONTROL
campo de control 41524
003 - IDENTIFICADOR DE NÚMERO DE CONTROL
campo de control ES-MaACL
005 - FECHA Y HORA DE LA ÚLTIMA TRANSACCIÓN
campo de control 20250831060936.0
007 - CAMPO FIJO DE DESCRIPCIÓN FÍSICA--INFORMACIÓN GENERAL
campo de control de longitud fija t|
008 - DATOS DE LONGITUD FIJA--INFORMACIÓN GENERAL
campo de control de longitud fija 030311s1862 sp ||||1| spa d
080 ## - NÚMERO DE LA CLASIFICACIÓN DECIMAL UNIVERSAL
Número de la Clasificación Decimal Universal 34.096 Fontanellas y Sala, Claudio
080 ## - NÚMERO DE LA CLASIFICACIÓN DECIMAL UNIVERSAL
Número de la Clasificación Decimal Universal 343.553
100 1# - ENTRADA PRINCIPAL--NOMBRE DE PERSONA
Nombre de persona Caso, José Indalecio.
9 (RLIN) 36324
245 10 - MENCIÓN DEL TÍTULO
Título Exposición de hechos para la defensa de D. Claudio Fontanellas, hijo del primer marqués de Casa-Fontanellas, en causa pendiente contra el mismo por supuesta usurpación de estado civil /
Mención de responsabilidad, etc. por D. José Indalecio Caso.
260 ## - PUBLICACIÓN, DISTRIBUCIÓN, ETC.
Lugar de publicación, distribución, etc. Madrid :
Nombre del editor, distribuidor, etc. Librería de A. Durán,
Fecha de publicación, distribución, etc. 1862.
300 ## - DESCRIPCIÓN FÍSICA
Extensión 80 p. ;
Dimensiones 23 cm.
530 ## - NOTA DISPONIBLE DE FORMULARIO FÍSICO ADICIONAL
Nota de formato físico adicional disponible Disponible en formato digital.
600 14 - PUNTO DE ACCESO ADICIONAL DE MATERIA--NOMBRE DE PERSONA
Nombre de persona Fontanellas y Sala, Claudio-
Subdivisión general Procesos.
9 (RLIN) 155830
650 #7 - PUNTO DE ACCESO ADICIONAL DE MATERIA--TÉRMINO DE MATERIA
Término de materia o nombre geográfico como elemento de entrada Usurpación de estado civil
Fuente del encabezamiento o término embne
9 (RLIN) 155831
852 4# - LOCALIZACIÓN
Ubicación ES-MaACL
Número de control de estantería T-84-F-5
856 4# - LOCALIZACIÓN Y ACCESO ELECTRÓNICOS
Identificador Uniforme de Recursos <a href="http://bdh-rd.bne.es/viewer.vm?id=0000114502&page=1 ">http://bdh-rd.bne.es/viewer.vm?id=0000114502&page=1 </a>
Nota pública Biblioteca Digital Hispánica
Holdings
Estatus retirado Estado de pérdida Estado de daño No para préstamo Colección Biblioteca de origen Biblioteca actual Ubicación en estantería Fecha de adquisición Fuente de adquisición Total de préstamos Signatura topográfica completa Código de barras Visto por última vez Precio de reemplazo Tipo de ítem Koha
        Colección de folletos Biblioteca del Ateneo de Madrid Biblioteca del Ateneo de Madrid Depósito folletos 17/01/2008     T-84-F-5 1043713 23/02/2023 23/02/2023 Folleto